To catch an heiress / (Record no. 234362)

000 -LEADER
fixed length control field 01468cam a22003735a 4500
001 - CONTROL NUMBER
control field 17204935
003 - CONTROL NUMBER IDENTIFIER
control field Nust
005 - DATE AND TIME OF LATEST TRANSACTION
control field 20170319183231.0
008 - FIXED-LENGTH DATA ELEMENTS--GENERAL INFORMATION
fixed length control field 120310s1998 nyu 000 1 eng d
010 ## - LIBRARY OF CONGRESS CONTROL NUMBER
LC control number 97094930
020 ## - INTERNATIONAL STANDARD BOOK NUMBER
International Standard Book Number 9780749908829 (pbk.)
035 ## - SYSTEM CONTROL NUMBER
System control number (OCoLC)ocm39317849
040 ## - CATALOGING SOURCE
Original cataloging agency KNJ
Transcribing agency KNJ
Modifying agency SLC
-- OCL
-- OCLCQ
-- BTCTA
-- BAKER
-- YDXCP
-- OCLCQ
-- AU@
-- UPZ
-- FMQ
-- O2H
-- BDX
-- DLC
042 ## - AUTHENTICATION CODE
Authentication code lccopycat
043 ## - GEOGRAPHIC AREA CODE
Geographic area code e-uk-en
050 00 - LIBRARY OF CONGRESS CALL NUMBER
Classification number CPB Box no. 1448 (Stored at Landover)
082 04 - DEWEY DECIMAL CLASSIFICATION NUMBER
Classification number 813.54
Author Mark QUI
100 1# - MAIN ENTRY--PERSONAL NAME
Personal name Quinn, Julia,
Dates associated with a name 1970-.
245 10 - TITLE STATEMENT
Title To catch an heiress /
Statement of responsibility, etc. Julia Quinn.
260 ## - PUBLICATION, DISTRIBUTION, ETC.
Place of publication, distribution, etc. New York :
Name of publisher, distributor, etc. Avon Books,
Date of publication, distribution, etc. 1998.
300 ## - PHYSICAL DESCRIPTION
Extent 377 p. ;
Dimensions 18 cm.
490 1# - SERIES STATEMENT
Series statement Avon historical romance
500 ## - GENERAL NOTE
General note Avon romantic treasure.
520 ## - SUMMARY, ETC.
Summary, etc. Determined to escape marriage to her fortune-hunting guardian's idiotic son, Caroline Trent runs away and winds up in the arms of Blake Ravenscroft, an agent of the crown who mistakes her for a notorious spy and takes her captive.
650 #0 - SUBJECT ADDED ENTRY--TOPICAL TERM
Topical term or geographic name entry element Historical fiction.
Source of heading or term gsaf
651 #0 - SUBJECT ADDED ENTRY--GEOGRAPHIC NAME
Geographic name England
General subdivision Social life and customs
Chronological subdivision 19th century
Form subdivision Fiction.
655 #7 - INDEX TERM--GENRE/FORM
Genre/form data or focus term Love stories.
Source of term gsafd
655 #7 - INDEX TERM--GENRE/FORM
Genre/form data or focus term Historical fiction.
Source of term gsafd
710 2# - ADDED ENTRY--CORPORATE NAME
Corporate name or jurisdiction name as entry element Copyright Paperback Collection (Library of Congress)
Institution to which field applies DLC
830 #0 - SERIES ADDED ENTRY--UNIFORM TITLE
Uniform title Avon romance.
830 #0 - SERIES ADDED ENTRY--UNIFORM TITLE
Uniform title Avon romantic treasures.
906 ## - LOCAL DATA ELEMENT F, LDF (RLIN)
a 0
b ibc
c copycat
d 2
e epcn
f 20
g y-genrareb
942 ## - ADDED ENTRY ELEMENTS (KOHA)
Source of classification or shelving scheme
Koha item type Book
Holdings
Withdrawn status Lost status Source of classification or shelving scheme Damaged status Not for loan Permanent Location Current Location Shelving location Date acquired Total Checkouts Total Renewals Full call number Barcode Date last seen Date last checked out Copy number Price effective from Koha item type
          Central Library (CL) Central Library (CL) Fiction 03/19/2017 5 5 813.54 QUI CL1686 11/09/2020 10/23/2019 1 03/19/2017 Book
© 2023 Central Library, National University of Sciences and Technology. All Rights Reserved.